[Event "32nd Reykjavik Open 2017"]
[Site "Reykjavik"]
[Date "2017.04.22"]
[Round "5"]
[White "Kjartansson, Gudmundur"]
[Black "Rajdeep Sarkar"]
[Result "1/2-1/2"]
[WhiteElo "2468"]
[BlackElo "2273"]
[Annotator "TA"]
[PlyCount "92"]
[EventDate "2017.??.??"]
[EventType "swiss"]
[EventCountry "ISL"]
[SourceTitle "playchess.com"]
[Source "ChessBase"]
[SourceQuality "1"]

{[%evp 26,92,20,16,41,16,30,18,25,17,72,37,41,13,17,0,11,0,7,0,12,0,15,24,21,22,15,17,33,21,0,0,0,0,0,0,0,0,0,0,0,0,0,0,0,0,0,0,0,0,0,0,0,0,700,705,697,697,697,694,665,644,543,0,0,0,0,0,0]} 1. d4 d5 2. c4 e6 3. Nf3 c6 4. e3 Nf6 5. Bd3 a6 6. O-O dxc4 7. Bxc4 b5 8. Be2 c5 9. a4 b4 10. b3 Bb7 11. Bb2 Nbd7 12. Nbd2 Be7 13. Nc4 O-O 14. Rc1 {LiveBook: 27 Games} Qc7 {D27: Queen's Gambit Accepted: Classical main line: 7 e4!? and 7 a4} (14... Bd5 15. Nfe5 cxd4 16. Nxd7 Nxd7 17. Bxd4 Rc8 18. Qd2 Nc5 19. Qb2 Bf6 20. Bxf6 Qxf6 21. Qxf6 gxf6 22. Nb6 {0-1 (50) Gelfand,B (2741)-Karjakin,S (2760) Moscow 2010}) 15. dxc5 $146 (15. Nfe5 Rfd8 16. Bf3 Nxe5 17. Nxe5 Rac8 18. Qe2 Qb8 19. dxc5 Bxc5 20. Rc4 Bd6 21. Bxb7 Qxb7 22. Rxc8 Rxc8 23. Nc4 {½-½ (22) Popovics,A (2391)-Guliyev,N (2579) Hungary 2016}) 15... Bxc5 16. Bd3 Rac8 17. Qe2 Nd5 (17... Be7 $11) 18. Nfe5 N7f6 19. a5 Rfd8 20. Bb1 Qb8 21. Ng4 Be7 22. Be5 Qa7 23. Nb6 Nxb6 24. Nxf6+ Bxf6 (24... gxf6 $2 25. Qg4+ Kf8 26. Bxh7 $18) 25. Bxf6 gxf6 (25... Rxc1 $6 26. Rxc1 (26. Bxd8 Rxf1+ 27. Qxf1 Nd5 $14) 26... gxf6 27. Qg4+ (27. axb6 Qxb6 28. Qg4+ Kf8 $11) 27... Kf8 28. Qxb4+ (28. axb6 Qxb6 29. Bxh7 Rd2 $11) 28... Ke8 29. axb6 $18) 26. Qg4+ Kh8 27. Qh5 {[%csl Gb1][%cal Rh5h7]} Kg7 $1 28. Qg4+ Kh8 29. Qh5 {[%csl Gb1][%cal Rh5h7]} Kg7 $1 30. Qxh7+ Kf8 {White must now prevent ...Nd5.} 31. axb6 Qxb6 32. Be4 $40 {[%mdl 128] White has some attack.} Rc3 33. Bxb7 Qxb7 34. h4 Rxb3 35. Rfd1 Rxd1+ $1 36. Rxd1 $11 {[%mdl 4096] Endgame Intending Qh8+ and mate. KQR-KQR} Ke7 37. h5 {Hoping for Qg8.} Rc3 {And now ...b3 would win.} 38. h6 $1 {Qg7 is the strong threat.} b3 {Strongly threatening ...b2.} 39. Qg7 b2 $2 {[%mdl 8192] [#]} (39... Qb8 $11 40. g4 (40. h7 Rc8 41. g4 Qb4 $11) 40... Rxe3 $1 {[%mdl 512]} 41. fxe3 Qg3+ 42. Kf1 Qxe3) 40. h7 $1 $18 Rc8 41. h8=Q (41. h8=N Rxh8 42. Qxh8 Qd5 $18) 41... Rxh8 42. Qxh8 {[%csl Gd1][%cal Rh8d8]} Qd5 43. Rb1 ({And not} 43. Rxd5 b1=Q+ 44. Kh2 exd5 $15) 43... Qc5 {[#] aiming for ...Qc1+.} 44. Qh1 $2 ({Only move:} 44. Qh7 $1 $18) 44... Qc2 $11 {The position is equal.} 45. Kh2 {Threatens to win with Qd1.} Qh7+ ({Don't go for} 45... Qxf2 $2 46. Qe1 Qxe1 47. Rxe1 $18) 46. Kg3 Qg6+ 1/2-1/2

[Event "32nd Reykjavik Open 2017"]
[Site "Reykjavik"]
[Date "2017.04.22"]
[Round "5"]
[White "Hambleton, Aman"]
[Black "L'Ami, Erwin"]
[Result "1-0"]
[WhiteElo "2434"]
[BlackElo "2614"]
[Annotator "TA"]
[PlyCount "83"]
[EventDate "2017.??.??"]
[EventType "swiss"]
[EventCountry "ISL"]
[SourceTitle "playchess.com"]
[Source "ChessBase"]
[SourceQuality "1"]

{[%evp 4,83,41,24,26,20,35,24,29,28,25,22,27,27,27,0,16,0,23,22,11,0,17,20,35,16,18,16,16,15,29,24,27,25,39,39,45,39,39,39,49,39,39,28,39,39,39,39,39,39,56,39,89,89,91,89,89,88,129,122,102,124,108,106,216,212,257,251,276,277,413,406,457,512,507,506,580,581,855,856,860,852]} 1. d4 f5 2. c4 Nf6 3. h4 {LiveBook: 4 Games. A84: Dutch Defence: 2 c4 Miscellaneous} (3. Nc3 g6 4. h4 Bg7 5. h5 e6 6. hxg6 hxg6 7. Rxh8+ Bxh8 8. Nh3 Qe7 9. Bg5 Qf7 10. g3 d5 11. Bg2 c6 12. Qb3 Nbd7 13. O-O-O {1-0 (24) Mamedyarov,S (2768)-Lu,S (2627) Doha 2016}) 3... e6 4. g3 d5 5. Bg2 {White is slightly better.} Bd6 $146 (5... c6 6. Nh3 Bd6 7. O-O O-O 8. b3 Ne4 9. Ba3 Bxa3 10. Nxa3 Nd7 11. Nf4 Ndf6 12. Nc2 Qe7 {1-0 (32) Pham,H (1973)-Kantans,T (2146) Vung Tau 2008}) 6. cxd5 exd5 7. Nh3 O-O 8. Bf4 Be7 9. O-O c6 10. Nd2 Ne4 11. Nf3 Nd7 12. Nhg5 Ndf6 13. Ne5 Nxg5 14. Bxg5 Ng4 15. Qd2 Nxe5 16. dxe5 a5 17. Bxe7 Qxe7 18. f4 $1 Qb4 19. Rfd1 Ra6 20. a3 Qxd2 21. Rxd2 a4 22. Rc1 Be6 23. Rd4 Kf7 24. Rb4 Ra7 25. e3 Ke7 26. Bf3 Rfa8 27. Be2 Kd7 28. Kf2 Kc7 29. Rd4 Ra5 30. h5 b6 31. Rd2 Rc5 32. Rg1 Rf8 33. g4 Rf7 (33... g6 $16) 34. Bd3 $18 {Strongly threatening gxf5.} fxg4 35. Bxh7 Rf8 36. Kg3 Rb5 (36... Kd7 $142 37. Bd3 Ke7) 37. f5 Rb3 ({Worse is} 37... Bxf5 38. Rf2 d4 39. Rxf5 $18) 38. fxe6 {White is clearly winning.} Rxe3+ 39. Kh4 Rxe5 40. Rxg4 Rxe6 41. Rxg7+ Kd6 42. Rg6 1-0

[Event "32nd Reykjavik Open 2017"]
[Site "Reykjavik"]
[Date "2017.04.22"]
[Round "5"]
[White "Ris, Robert"]
[Black "Kamsky, Gata"]
[Result "0-1"]
[WhiteElo "2419"]
[BlackElo "2668"]
[Annotator "TA"]
[PlyCount "100"]
[EventDate "2017.??.??"]
[EventType "swiss"]
[EventCountry "ISL"]
[SourceTitle "playchess.com"]
[Source "ChessBase"]
[SourceQuality "1"]

{[%evp 12,100,5,11,18,15,27,27,38,31,36,25,19,20,48,46,36,40,51,19,33,0,6,-13,-11,-8,-5,-8,-13,-18,-8,-15,-9,-5,-13,-10,0,-4,-4,-14,0,0,2,2,3,8,6,4,4,0,6,0,6,0,0,0,0,0,0,-4,-4,-4,-4,-4,-4,-4,-4,-4,-4,-4,-4,-4,-4,-11,-11,-11,-11,-1080,-1045,-7213,-7291,-6299,-719,-6644,-6629,-6319,-6103,-5839,-5606,-5073,-2200]} 1. d4 Nf6 2. c4 g6 3. g3 c6 4. Bg2 d5 5. e3 {D71: Fianchetto Grünfeld: 3 g3 d5 sidelines and 5 cxd5 (without Nf3)} (5. Nf3 Bg7 6. O-O O-O 7. b3 dxc4 8. bxc4 c5 9. Bb2 cxd4 10. Nxd4 Qb6 11. Qc1 Bd7 12. Nd2 Nc6 13. e3 Rac8 14. Bc3 Qa6 15. Qb2 b6 16. a4 Na5 17. Rfc1 Nxc4 18. Nxc4 Qxc4 19. Bb4 {0-1 (34) Yu,Y (2729)-Nepomniachtchi,I (2767) Doha 2016}) 5... Bg7 6. Ne2 O-O 7. O-O {LiveBook: 31 Games. The position is equal.} e6 8. b3 b6 9. Bb2 a5 $146 (9... Bb7 10. Nbc3 Nbd7 11. Rc1 {1-0 (34) Vrbica,L (1981)-Cernicky,J Slovakia 2011}) 10. Nd2 Ba6 11. Qc2 Nbd7 12. Rfd1 Qc7 13. Nf4 Rac8 14. Rac1 Qb8 15. Qb1 Rfe8 16. Nf3 b5 {[%cal Rb5c4]} 17. cxd5 cxd5 18. Bf1 Qb7 19. Nd3 b4 20. Rd2 Ne4 21. Rdc2 Bf8 22. Nfe5 Nxe5 23. dxe5 Ng5 24. Bd4 Nf3+ 25. Kg2 Nxd4 (25... Bxd3 $5 {feels hotter.} 26. Bxd3 Nxd4 27. exd4 Rc3 28. Rxc3 bxc3 29. Rxc3 Qb6) 26. exd4 Rxc2 27. Qxc2 Rc8 28. Qxc8 Qxc8 29. Rxc8 Bxc8 $11 {[%mdl 4096] Endgame KBB-KBN} 30. f4 Be7 31. Kf3 h6 32. Ke3 Bd7 33. Ne1 Kg7 34. Nf3 g5 35. Bd3 f6 36. fxg5 hxg5 37. exf6+ Kxf6 38. Ne5 Be8 39. Ng4+ Kg7 40. Bc2 Bd6 41. Ne5 Bc7 42. h3 Bh5 43. Bd3 Kf6 44. Ng4+ $2 {[%mdl 8192]} (44. Nd7+ $11 Kg7 45. Ne5) 44... Bxg4 $1 $19 {Black is clearly winning.} 45. hxg4 {[#] KB-KB} Bb6 $1 ({Not} 45... Bxg3 46. Bb5 $17) 46. Bh7 Kg7 ({Less strong is} 46... e5 47. Ke2 $17) (46... Kf7 $142 47. Bd3 e5) 47. Bd3 e5 48. Bf5 Bxd4+ 49. Kd3 Kf6 50. Bh7 Bb6 0-1

[Event "32nd Reykjavik Open 2017"]
[Site "Reykjavik"]
[Date "2017.04.22"]
[Round "5"]
[White "Guramishvili, Sopiko"]
[Black "Beliavsky, Alexander G"]
[Result "1/2-1/2"]
[WhiteElo "2363"]
[BlackElo "2597"]
[Annotator "TA"]
[PlyCount "84"]
[EventDate "2017.??.??"]
[EventType "swiss"]
[EventCountry "ISL"]
[SourceTitle "playchess.com"]
[Source "ChessBase"]
[SourceQuality "1"]

{[%evp 13,84,0,4,-10,-8,-2,0,-38,14,-8,31,-29,-11,-11,-14,-16,0,0,11,0,0,-71,-25,-39,-20,-33,-27,-26,0,0,0,0,0,0,0,0,0,-8,-13,-31,0,0,6,6,79,78,79,75,78,78,78,72,102,101,120,72,72,0,0,0,0,0,0,0,64,56,59,31,41,0,0,0,43]} 1. d4 f5 2. g3 Nf6 3. Bg2 g6 4. Nf3 Bg7 5. O-O O-O 6. b4 c6 7. Bb2 {A81: Dutch Defence: 2 g3} (7. c4 Ne4 8. Bb2 d5 9. Nbd2 Be6 10. cxd5 Bxd5 11. Nb3 Nd7 12. Qc2 e6 13. a4 Nd6 14. Nc5 Nxc5 15. dxc5 {1-0 (42) Van Wely,L (2654)-Bartel,M (2641) Dubai 2014}) 7... a5 {LiveBook: 5 Games} 8. bxa5 Qxa5 9. Nbd2 Qa4 $146 (9... d5 10. c4 Ne4 11. Qc2 Qa4 12. Qb3 Qxb3 13. axb3 Na6 14. Nxe4 fxe4 {½-½ (27) Guramishvili,S (2396)-Bosch,J (2363) Rosmalen 2014}) 10. Qb1 Na6 ({Better is} 10... d5 $15) 11. a3 Kh8 12. Qa2 (12. c4 $14) 12... Nb4 13. Qc4 Nbd5 $1 (13... Nxc2 $6 14. Qxa4 Rxa4 15. Rac1 $16) 14. Qd3 d6 15. c4 Nb6 16. c5 Nbd5 17. Nb3 (17. e3 $11 {remains equal.}) 17... Be6 18. Nfd2 Qa6 19. Qxa6 Rxa6 20. a4 {[%cal Ba3a4,Ba4a5][%mdl 32]} Nb4 21. a5 Ne4 22. Bxe4 fxe4 23. Ra4 Bxb3 ({Don't play} 23... Nc2 $6 24. e3 $16 (24. Rc1 e3 25. fxe3 Nxe3 $17)) 24. Rxb4 Bd5 25. Rxb7 Rxa5 26. Rc1 ({Reject} 26. Rxe7 dxc5 27. Nxe4 Ra2 $17) 26... Ra2 {White must now prevent ...dxc5.} 27. e3 Bf6 28. Nb1 Raa8 {[#]} (28... dxc5 $11 29. Rxc5 e6) 29. cxd6 $1 $16 exd6 30. Nc3 Rfb8 31. Rxb8+ Rxb8 32. Ba3 Be7 33. Nxd5 cxd5 {[%mdl 4096] Endgame KRB-KRB} 34. Rc6 Rd8 {[#]} 35. Ra6 ({White should try} 35. Rc7 $1 $16 {[%cal Rc7e7]} Bf8 36. Ra7) 35... Kg8 $11 36. Ra5 Kf7 37. Rxd5 Ra8 $1 {[%cal Ra8a3]} 38. Bb4 Ra1+ (38... Rb8 $1 $11 39. Ba3 Ra8) 39. Kg2 $14 Rb1 40. Bc3 ({Much worse is} 40. Bxd6 Ke6 $15) 40... Rc1 41. Bd2 Rd1 42. Bc3 Rc1 1/2-1/2

[Event "32nd Reykjavik Open 2017"]
[Site "Reykjavik"]
[Date "2017.04.22"]
[Round "5"]
[White "Derakhshani, Dorsa"]
[Black "Can, Emre"]
[Result "0-1"]
[WhiteElo "2351"]
[BlackElo "2578"]
[Annotator "TA"]
[PlyCount "150"]
[EventDate "2017.??.??"]
[EventType "swiss"]
[EventCountry "ISL"]
[SourceTitle "playchess.com"]
[Source "ChessBase"]
[SourceQuality "1"]

{[%evp 15,150,50,63,57,52,50,53,46,50,30,41,0,58,35,50,0,0,-25,0,3,8,-54,0,0,-7,0,0,0,0,0,-8,0,0,-187,-167,-271,-250,-257,-251,-243,-132,-134,-122,-195,-177,-185,-148,-134,0,0,0,0,71,32,41,0,0,0,0,0,0,-20,-17,-17,-20,-20,0,0,0,-15,-15,-87,-50,-78,-52,-40,-41,-107,-95,-95,-26,-133,-42,-39,-14,-14,0,-27,-14,-26,0,-26,-20,-26,-28,-26,0,-19,0,-26,-26,-26,-26,-26,-26,-171,-171,-171,-171,-162,-171,-337,-195,-317,-289,-1111,-1068,-1547,-1340,-1120,-1050,-4943,-4931,-4610,-4602,-29977,-29978,-29979,-29980,-29980,-29981,-29986,-29986,-29986,-29983,-29982,8]} 1. e4 g6 2. d4 Bg7 3. Nc3 d6 4. f4 a6 5. Nf3 b5 6. Bd3 Nd7 7. a4 {B06: Modern Defence} (7. e5 c5 8. Be4 Rb8 9. Be3 cxd4 10. Bxd4 dxe5 11. fxe5 e6 12. O-O Ne7 13. Qe1 O-O 14. a4 b4 15. Ne2 {0-1 (49) Anand,V (2793)-Caruana,F (2829) London 2014}) 7... b4 8. Ne2 e6 {LiveBook: 3 Games} 9. c3 $146 {White is slightly better.} (9. f5 exf5 10. exf5 Ne7 11. O-O Nf6 12. Ng3 O-O 13. fxg6 fxg6 14. c4 Bg4 15. Be3 Qd7 16. h3 Bxh3 17. gxh3 Qxh3 18. Nh1 Ng4 19. Qe2 Nf5 20. Bxf5 Rxf5 21. Rae1 Re8 {0-1 (21) Kavcic,Z (2315)-Rotstein,A (2506) Austria 2015}) 9... bxc3 10. bxc3 Ne7 11. f5 exf5 12. exf5 Nf6 (12... gxf5 13. Ng3 $16) 13. Ng3 O-O (13... Nxf5 $11 14. Nxf5 Bxf5) 14. O-O $14 c5 (14... Nxf5 $6 15. Nxf5 Bxf5 16. Bxf5 $16) 15. Qb3 Qc7 16. Ba3 Rb8 17. Qc4 Ned5 18. fxg6 (18. Rae1 $11) 18... Ne3 (18... hxg6 $15 19. Bc1 Bb7 20. dxc5 Qxc5+ 21. Qxc5 dxc5) 19. gxh7+ Kh8 20. Qa2 Nxf1 21. Rxf1 Qa5 $36 {[%mdl 2048] Black fights for an advantage.} 22. Qd2 Rb3 23. Bb2 Be6 24. h4 $2 (24. Ba1 $11 {and White stays safe.}) 24... c4 $19 (24... Qxa4 25. Nf5 Bxf5 26. Bxf5 $11) 25. Be2 (25. Be4 $142) 25... Rfb8 (25... Qxa4 26. Bd1 $14) 26. Bc1 Qxc3 27. Qf4 Rb1 (27... Nd5 $19 28. Qxd6 Bxd4+ 29. Kh1 R3b6) 28. Qxd6 Rc8 (28... Nd5 $6 29. Bd2 Qc2 30. Nh5 $11) 29. Bd2 (29. Bg5 $17 Rxf1+ 30. Bxf1) 29... Rxf1+ 30. Bxf1 Qb2 31. h5 Nd5 (31... Nxh7 32. h6 (32. Qxa6 $2 Bxd4+ 33. Kh2 Nf6 $19) 32... Bf6 33. Ne4 $16) (31... c3 $17 32. Bg5 Ng4) 32. Bxc4 $1 $11 Bxd4+ ({Don't capture} 32... Qa1+ $2 33. Kh2 Bf8 34. Qxa6 Rxc4 35. Qxc4 $18) 33. Kh2 Bc5 (33... Qb6 $11 {keeps the balance.} 34. Ne4 Qxd6+ 35. Nxd6 Rc6 36. Nxd4 Rxd6) 34. Qxa6 $16 {[#] Black must now prevent Bxd5.} Qb6 $1 35. Qxb6 Bxb6 36. Bb3 Nf6 37. Bxe6 fxe6 38. Bf4 Ng4+ 39. Kh3 Nf2+ 40. Kh2 Ng4+ 41. Kh3 Nf2+ 42. Kh2 Rc4 43. Be5+ Kxh7 44. a5 Ba7 {[%mdl 1024] Black has strong compensation.} 45. Bd6 Ra4 46. Bc7 (46. Ne2 $15) 46... Kh6 $17 47. Ne2 Be3 (47... Nd3 $17 48. Ng3 Be3) 48. Ng3 (48. Bb6 $1 $11 Bxb6 49. axb6) 48... Ra1 ({Black should try} 48... Nd3 $17 49. Bd8 Bf4) 49. Ne5 $1 $15 Kh7 {( -> ...Bf4)} 50. Nd7 Kh6 51. Bb6 Ng4+ 52. Kh3 Nf2+ 53. Kh2 Ra3 54. Nf8 Ng4+ 55. Kh3 Nf2+ 56. Kh2 Ng4+ 57. Kh3 Nf6 {And now ...Bf4 would win.} 58. Bc7 $1 Nxh5 59. Nxh5 Kxh5 $11 {[%mdl 4096] Endgame KRB-KBN} ({Don't take} 59... Bf4+ 60. Kg4 Bxc7 61. Nxe6 $17) 60. g4+ (60. Nxe6 $11 {and White has nothing to worry.} Bf4+ 61. g3 Rxg3+ 62. Kh2 Bxc7 63. Nxc7) 60... Kg5 $19 {...Bc5+ is the strong threat.} 61. Bd8+ Kf4 {Threatens to win with ...Bc5+.} 62. Kh4 {[#]} e5 $1 63. Bc7 $2 (63. Ng6+ Ke4 64. g5) 63... Ke4 (63... Kf3 $142 {aiming for ...e4.} 64. Bxe5 Rxa5) 64. Nd7 (64. Ng6 $142) 64... Bf4 65. Nf6+ $2 (65. a6) 65... Kf3 66. g5 Ra1 {[%cal Ra1h1]} 67. Kh5 Rg1 68. Nh7 e4 69. Bb6 e3 70. Bxe3 Bxe3 {Black mates.} 71. a6 Kf4 72. Kg6 Ra1 73. Kf7 Rxa6 74. g6 Bd4 75. Nf8 Ke5 $2 {[%mdl 32768] Loss on time?} (75... Kf5 {mates} 76. Ke8 Ra8+ 77. Kf7 Ra7+ 78. Ke8 Be3 79. Nd7 Ke6 80. Nf8+ Kf5 81. Nd7 Kxg6 82. Ne5+ Kf6 83. Nd7+ Ke6 84. Nf8+ Kd6 85. Ng6 Rg7 86. Nh8 Re7+ 87. Kf8 Bh6+ 88. Kg8 Rg7+ 89. Kf8 Ke6 90. Nf7 Rxf7+ 91. Kg8 Rf8+ 92. Kh7 Kf6 93. Kxh6 Rh8#) 0-1

[Event "32nd Reykjavik Open 2017"]
[Site "Reykjavik"]
[Date "2017.04.22"]
[Round "5"]
[White "Soumya, Swaminathan"]
[Black "Bailet, Pierre"]
[Result "0-1"]
[WhiteElo "2349"]
[BlackElo "2510"]
[Annotator "TA"]
[PlyCount "74"]
[EventDate "2017.??.??"]
[EventType "swiss"]
[EventCountry "ISL"]
[SourceTitle "playchess.com"]
[Source "ChessBase"]
[SourceQuality "1"]

{[%evp 15,74,26,48,43,58,16,32,0,6,0,2,-26,0,0,0,0,0,0,0,0,0,0,0,0,0,0,0,0,14,10,60,55,64,32,14,0,0,-260,-258,-268,-267,-282,-283,-311,-364,-370,-386,-547,-450,-433,-447,-425,-438,-413,-327,-832,-830,-817,-817,-1092,-1092]} 1. e4 e5 2. Nf3 Nc6 3. Bb5 {[%cal Bf1b5,Bb5a4,Ba4c2][%mdl 32]} a6 4. Ba4 Nf6 5. O-O Be7 6. d3 d6 7. c3 O-O 8. Re1 Nd7 9. Bc2 {C84: Closed Ruy Lopez: Unusual White 6th moves} (9. Be3 Bf6 10. Nbd2 b5 11. Bc2 Bb7 12. Nf1 Ne7 13. Ng3 g6 14. d4 Bg7 15. Qd2 Nc8 16. Bg5 f6 {1-0 (51) Adams,M (2745)-Miton,K (2612) Germany 2017}) 9... Nb6 10. d4 exd4 11. cxd4 {White is slightly better.} Bg4 12. Nc3 $146 (12. d5 Bxf3 13. Qxf3 Nd4 14. Qd1 Nxc2 15. Qxc2 c6 16. dxc6 Rc8 {½-½ (43) Papadopoulos,I (2452)-Mastrovasilis,A (2495) Rhodes 2008}) 12... Bf6 13. Ne2 Re8 14. a3 g6 15. h3 Bxf3 $1 16. gxf3 Bg7 17. f4 Qf6 {[%cal Rc6d4]} 18. d5 $36 {[%mdl 2048] White has good play.} Nb8 19. Rb1 N8d7 20. Be3 Qh4 21. Kg2 Bh6 22. f3 Nc4 23. Bf2 Qf6 24. Bd4 Qe7 {Threatening ...Bxf4!} 25. Qd3 b5 26. b4 $2 {[%mdl 8192] [#]} (26. Bf2 $1 $11 {and White has nothing to worry.}) 26... Bxf4 $1 $19 {[%mdl 512]} 27. Nxf4 {Hoping for Bf2.} Qg5+ 28. Kf2 {aiming for Ng2.} Qxf4 29. Rg1 Nde5 30. Bxe5 Rxe5 (30... dxe5 $2 31. Bb3 $19) (30... Nxe5 $2 31. Qe3 Qh4+ 32. Kg2 $19) 31. Rg3 (31. Rg4 $142 Qh6 32. h4) 31... Rae8 32. Re1 f5 ({Weaker is} 32... Rg5 33. Rxg5 Qxg5 34. Rg1 $19) 33. Kg2 fxe4 34. fxe4 Rf8 {[#] Threatens to win with ...Qf2+.} 35. Qe2 $2 (35. Qf3 Qh6 36. Qg4) 35... Rg5 {Black is clearly winning.} 36. Rxg5 Qxg5+ 37. Kh1 Qg3 0-1

[Event "32nd Reykjavik Open 2017"]
[Site "Reykjavik"]
[Date "2017.04.22"]
[Round "5"]
[White "Stefansson, Vignir Vatnar"]
[Black "Hjartarson, Johann"]
[Result "1/2-1/2"]
[WhiteElo "2341"]
[BlackElo "2536"]
[Annotator "TA"]
[PlyCount "117"]
[EventDate "2017.??.??"]
[EventType "swiss"]
[EventCountry "ISL"]
[SourceTitle "playchess.com"]
[Source "ChessBase"]
[SourceQuality "1"]

{[%evp 11,117,50,43,21,39,-5,5,-23,-25,-20,-16,-17,-22,-13,-14,-13,-17,-14,-23,-21,-14,-21,0,0,0,0,0,-7,0,0,2,2,8,0,21,21,3,-2,22,25,41,20,26,28,29,20,24,20,37,12,39,10,44,36,41,39,46,46,57,15,26,0,0,-10,0,0,0,0,0,-10,0,-12,0,0,0,0,0,0,0,0,0,0,0,0,0,0,0,0,0,0,0,0,0,0,0,0,0,0,0,0,0,0,0,0,0,0,0,-31]} 1. d4 Nf6 2. c4 g6 3. Nc3 Bg7 4. e4 d6 5. Be2 O-O 6. Be3 Na6 {LiveBook: 78 Games. E73: King's Indian: Averbakh Variation without 6...c5} 7. a3 $146 (7. Qd2 e5 8. d5 Bd7 9. f3 Nh5 10. O-O-O f5 11. exf5 gxf5 12. Nh3 f4 13. Bf2 Nf6 14. Ng5 {1-0 (50) Riazantsev,A (2646)-Kryakvin,D (2547) Kolomna 2016}) 7... c5 8. e5 Ne8 {[%cal Bf6e8,Be8d6,Bd6f5,Bf5e3][%mdl 32]} 9. exd6 Nxd6 10. Nf3 ({But not} 10. dxc5 Nf5 11. Qc1 Nxe3 12. Qxe3 Bd4 $17) 10... Nf5 {[%cal Rc5d4]} 11. d5 ({Of course not} 11. dxc5 Nxe3 12. fxe3 Bxc3+ 13. bxc3 Nxc5 14. Qxd8 Rxd8 $17) 11... Nxe3 12. fxe3 Nc7 {[%cal Ba6c7,Bc7e6,Be6d4][%mdl 32]} 13. Qd2 b6 14. e4 Bg4 15. O-O Bxf3 16. gxf3 Ne6 17. Rad1 Nd4 18. f4 {[%cal Bf3f4,Bf4f5][%mdl 32]} e5 {next ...Bh6 is good for Black.} 19. f5 Qh4 20. Bd3 Bh6 21. Qf2 Qh5 22. Ne2 Qh3 23. Qg3 Be3+ 24. Kh1 $132 {[%mdl 2048] White is fighting back (2)} Qxg3 (24... Qh6 $5 {feels hotter.} 25. Rde1 Rfe8 26. b4 Nxe2 27. Rxe2 Bf4) 25. hxg3 gxf5 26. exf5 Nxe2 27. Bxe2 e4 28. Kg2 Rad8 29. b3 Rd6 30. Rh1 h6 31. Bh5 {White wants to play Rhe1.} Bd4 32. Rh4 Re8 33. Re1 e3 34. Be2 Kg7 35. Bd3 b5 36. Rg4+ Kf8 {The position is equal.} 37. Kf3 Ra6 38. cxb5 Rxa3 39. Bc4 Ra2 {[%csl Gd4,Ge3][%cal Ra2f2] [#]} 40. Rf4 Rf2+ 41. Kg4 Rh2 {Strongly threatening ...h5+.} 42. Re2 Rxe2 43. Bxe2 $11 {[%mdl 4096] Endgame KRB-KRB} Re5 44. d6 Rd5 45. Re4 {With the idea Re7.} Rxd6 46. Kf4 Rb6 47. Bc4 Rb7 48. g4 Rb6 49. Kf3 f6 50. Kf4 Rb7 51. Re6 Rd7 52. Re4 Rg7 53. Re6 Rh7 54. Ra6 Re7 {[#] Hoping for ...e2.} 55. Re6 Rxe6 56. fxe6 Ke7 57. Kf5 Bc3 58. Be2 Bd4 59. Ke4 1/2-1/2

[Event "32nd Reykjavik Open 2017"]
[Site "Reykjavik"]
[Date "2017.04.22"]
[Round "5"]
[White "Kniest, Oliver"]
[Black "Panchanathan, Magesh Chandran"]
[Result "0-1"]
[WhiteElo "2301"]
[BlackElo "2494"]
[Annotator "TA"]
[PlyCount "128"]
[EventDate "2017.??.??"]
[EventType "swiss"]
[EventCountry "ISL"]
[SourceTitle "playchess.com"]
[Source "ChessBase"]
[SourceQuality "1"]

{[%evp 7,128,29,33,22,37,43,67,62,72,50,51,50,56,50,55,55,61,59,78,72,117,67,70,57,56,25,57,56,50,57,94,31,63,22,55,18,35,36,45,6,6,0,0,-6,0,-6,-4,-10,-6,-13,0,0,12,-13,-20,-43,-10,-11,-8,-16,-19,-52,-51,-51,-50,-45,-44,-72,-82,-75,-32,-54,-50,-73,-72,-112,-95,-117,-99,-101,-97,-120,-112,-108,-67,-180,-166,-170,-98,-75,-86,-107,-74,-223,-223,-210,-210,-252,-260,-481,-331,-535,-352,-503,-533,-479,-507,-765,-755,-760,-758,-757,-755,-2205,-510,-516,-516,-489,-456,-509,-497,-508,-500]} 1. d4 Nf6 2. Nf3 e6 3. e3 d6 4. Bd3 {A46: 1 d4 Nf6 2 Nf3 e6: Torre, London and Colle Systems} (4. c4 g6 5. Nc3 Bg7 6. g3 O-O 7. Bg2 Nbd7 8. O-O e5 9. b4 Re8 10. Qb3 Nf8 11. dxe5 dxe5 {½-½ (40) Bayer,B (2430)-Rozentalis,E (2567) Austria 2016}) 4... Nbd7 {LiveBook: 4 Games} 5. c4 e5 {Threatens to win with ...e4.} 6. Nc3 {White is slightly better.} c6 $146 (6... g6 7. Qc2 Bg7 8. b4 O-O 9. O-O c5 10. bxc5 dxc5 11. Nxe5 cxd4 12. exd4 Nxe5 13. dxe5 {1-0 (42) Trikaliotis,G (2197)-Dimbas,D (2057) Greece 2000}) 7. O-O Qc7 8. b3 Be7 9. Bb2 O-O 10. Rc1 a6 11. Qc2 Re8 12. h3 Qb8 13. Ne2 Bf8 14. Ng3 (14. Ng5 $5 {is more complex.} g6 15. f4 Bh6 16. Nc3 exf4 17. exf4 b5 18. d5) 14... g6 15. Nd2 Bg7 16. Rce1 d5 17. dxe5 Nxe5 18. Be2 dxc4 19. Nxc4 (19. bxc4 $16 Qc7 20. c5) 19... Nd5 20. Bd4 Qc7 21. Bc5 Rd8 22. e4 Nxc4 23. Bxc4 (23. Qxc4 Nc3 24. e5 Qxe5 $17) 23... Nf4 24. Rd1 Be6 25. Ne2 Bxc4 26. Qxc4 Ne6 27. Be3 b5 28. Qc2 c5 29. Rd5 Rdc8 30. Rfd1 c4 31. Nd4 {next Nxe6 is good for White.} cxb3 32. Qxb3 {And now Nxe6 would win.} Nf4 33. Bxf4 Qxf4 34. Qd3 Rc1 35. f3 $1 Rxd1+ 36. Qxd1 Qe3+ 37. Kh2 {[#]} Be5+ $1 {[%mdl 512]} 38. Kh1 (38. Rxe5 Qf4+) 38... Rc8 (38... Qf4 $5 {is interesting.} 39. Qg1 Rc8 40. Ne2 Qf6 41. Rc5 Rc7) 39. Ne2 $1 (39. Rxe5 $2 Rc1 40. Re8+ Kg7 41. Qxc1 Qxc1+ 42. Kh2 Qc7+ 43. Kh1 Qd7 44. Ne6+ fxe6 $19) 39... Bf6 40. Rd3 Qc5 41. Rd2 a5 42. f4 b4 43. e5 Be7 44. Qb3 Qc6 45. Kh2 Qe4 46. Rd7 (46. Qa4 $1 $15) 46... Kf8 $1 $19 (46... Qxe2 47. Rxe7 Qc4 48. Qxc4 Rxc4 49. Ra7 $11) 47. Qd1 Qc2 (47... a4 $19 48. Rd2 a3) 48. Qd4 $17 {aiming for e6!} Qc5 (48... Qxe2 $2 49. e6 $1 {[%mdl 512]} Kg8 50. Rxe7 Qxe6 51. Rxe6 $18) 49. Qa1 Ke8 50. Rd1 {[#]} (50. e6 $17 fxe6 51. Rd1) 50... Qe3 $1 $19 {[%cal Re3e2]} 51. Qb2 a4 52. e6 {[#] Hoping for Qh8+.} f6 $1 ({Weaker is} 52... Qxe6 53. Qh8+ Bf8 54. Ng3 $15) 53. Qd4 $2 (53. Qd2 Qxd2 54. Rxd2) 53... Qxe6 54. Re1 $2 (54. Qd3 {was necessary.} Kf7 55. Rd2) 54... Kf8 ({Not} 54... Qxa2 55. Nc1 Qc4 56. Qxf6 $17) 55. Qd2 (55. Qd1 {was worth a try.} Rd8 56. Qxa4) 55... Rd8 {Black is clearly winning.} 56. Qc2 Qe3 ({Don't do} 56... b3 57. axb3 axb3 58. Qc3 $19) 57. Rf1 (57. Qc1 $142 Qf2 58. Ng3) 57... b3 58. axb3 axb3 59. Qc4 b2 60. Nc3 Qd3 (60... Qc1 $142 61. Qb5 Qxc3) 61. Qxd3 Rxd3 62. Na4 Ba3 63. Rb1 Rb3 64. Kg1 Rb4 0-1